000 01124nam a2200181Ia 4500
008 100920s9999 xx 000 0 und d
082 _b68984
_a930 थ 68
100 _aसंपा. परेरा ब्रांगांस.अनु. देसाई स. श.
245 _aमराठ्यांच्या इतिहासाची साधने पोर्तुगीज दफ्तर - खंड -3 आशिया विभाग.
260 _bमहाराष्ट्र राज्य साहित्य आणि संस्कृति मंडळ, मुंबई.
_c1968
300 _a596
_bसाधी
365 _b6
520 _aइतिहास.
630 _aमराठ्यांच्या इतिहासाची साधने पोर्तुगीज दफ्तर - खंड -3 आशिया विभाग.
650 _aइतिहास.
730 _aमराठ्यांच्या इतिहासाची साधने पोर्तुगीज दफ्तर - खंड -3 आशिया विभाग.
942 _cBOOK
999 _c711219
_d711216